01195 a2200217 45000010006000000050017000060080041000230030015000640400040000790800147001192450035002660200022003012640033003233000019003565050437003750410008008121000021008207000019008417000022008608560095008825312020260407155805.0260407a2012 arg spa dAR-UNSa-BCEJYS aAR-UNSa-BCEJYSbspacAR-UNSa-BCEJYS a338.12xMovimientos cíclicos en la economía. Ciclo de comercio. Ciclo de negocios. Expansión y contracción de la actividad económica10a¡Acabemos ya con esta crisis! a978-987-9317-34-1 1aBarcelona :bCríticac2012 a264 p.c23 cm. a1. ¿Cuán mal están las cosas? - 2. Economía de la depresión - 3. El momento de Minsky - 4. Banqueros que se vuelven locos - 5. La segunda edad de oro - 6. Economía de la edad oscura - 7. Anatomía de una respuesta inadecuada - 8. Pero ¿y el déficit? - 9. Inflación:la amenaza fantasma - 10. Eurodammerung:el crepúsculo del euro - 11. "Austeríacos" - 12. Lo que hará falta" - 13. ¡Acabad con esta depresión! aspa1 aKrugman, Paul R.1 aBelza, Cecilia1 aGarcía, Gonzalo41uhttps://biblioeco.unsa.edu.ar/pmb/images/libros/L128525.jpgyImagen de portadaqimage/jpeg